000 00843nam a2200265Ia 4500
005 20260121170817.0
008 008 260114s9999 xx 000 0 eng d
020 _a9783319993133
037 _aEBOOK
040 _aCRL
040 _beng
040 _cCRL
041 _2eng
041 _aeng
084 _qCRL
100 _aAlírio Egídio Rodrigues, Paula Cristina de Oliveira Rodrigues Pinto, Maria Filomena Barreiro, Carina Andreia Esteves da Costa, Maria Inês Ferreira da Mota, Isabel Fernandes
_91068433
245 3 _aAn Integrated Approach for Added-Value Products from Lignocellulosic Biorefineries
260 _bSpringer
260 _bSpringer
260 _c2018
856 _uhttps://link.springer.com/openurl?genre=book&isbn=978-3-319-99313-3
942 _cEBOOK
999 _c1634163
_d1634163